[Event "AUTO-OPEN-3161"]
[Site "http://www.queenalice.com/game.php?id=1246638"]
[Date "2014.1.9"]
[Round "1"]
[White "Givanildo"]
[Black "MIngu"]
[Result "0-1"]
[WhiteElo "1549"]
[BlackElo "2350"]

1. e4 d5 2. e5 c5 3. b3 Nc6 4. Bb2 g6 5. e6 f6 6. Bb5 Nh6 7. Qe2 Qd6 8. Nf3 Bg7
9. O-O O-O 10. Bxc6 Qxc6 11. d4 Bxe6 12. dxc5 Bg4 13. Qxe7 Bxf3 14. gxf3 Nf5 15.
Qe2 Rfe8 16. Qd3 Nh4 17. Bd4 Qe6 18. f4 Qg4+ 19. Qg3 Nf3+ 20. Kh1 Qxg3 21. fxg3
Nxd4 22. Nd2 Re2 23. Nf3 Nxf3 24. Rxf3 Rxc2 25. f5 Re8 26. fxg6 hxg6 27. Raf1
Ree2 28. R1f2 Rxf2 29. Rxf2 Rxf2 30. a4 d4 31. Kg1 Rb2 0-1

[Event "AUTO-MASTER-1984"]
[Site "http://www.queenalice.com/game.php?id=1247527"]
[Date "2014.1.12"]
[Round "2"]
[White "MIngu"]
[Black "docb"]
[Result "1-0"]
[WhiteElo "2370"]
[BlackElo "2009"]

1. d4 d5 2. c4 e6 3. Nc3 Nf6 4. Nf3 Nbd7 5. Bg5 Be7 6. e3 a6 7. cxd5 exd5 8. Qc2
c6 9. Bd3 h6 10. Bf4 g5 11. Bg3 Nh5 12. O-O-O Nxg3 13. hxg3 Nb6 14. Ne5 Be6 15.
f4 Nc4 16. Bxc4 dxc4 17. f5 Bd5 18. e4 b5 19. exd5 cxd5 20. Rde1 Qd6 21. f6 Qxf6
22. Nxd5 1-0

[Event "AUTO-MASTER-1984"]
[Site "http://www.queenalice.com/game.php?id=1247528"]
[Date "2014.1.12"]
[Round "2"]
[White "docb"]
[Black "MIngu"]
[Result "0-1"]
[WhiteElo "2015"]
[BlackElo "2378"]

1. e4 d5 2. exd5 Nf6 3. Bb5+ c6 4. dxc6 bxc6 5. Be2 e5 6. Nc3 Bc5 7. Nf3 e4 8.
Ng5 Qd4 9. O-O h6 10. Nh3 Bxh3 11. gxh3 Bd6 12. Kg2 Qe5 13. Rh1 Qg5+ 14. Kf1 Qh4
15. d3 Bc5 16. d4 Qxh3+ 17. Ke1 Bb4 18. Bf4 Nd5 19. Bd2 Nxc3 20. bxc3 Bxc3 21.
Bxc3 Qxc3+ 22. Kf1 Qh3+ 23. Kg1 O-O 24. Bg4 Qh4 25. Rb1 Rd8 26. c3 c5 27. d5 h5
28. Be2 Rd6 29. Bxh5 Qg5+ 30. Kf1 Rxd5 31. Bxf7+ Kxf7 32. Qb3 Qh5 33. Ke1 Nc6
34. Qb7+ Ne7 35. Qxa8 Qf3 36. Rg1 Qxc3+ 37. Kf1 Qd3+ 38. Kg2 Rg5+ 0-1

[Event "Challenge"]
[Site "http://www.queenalice.com/game.php?id=1252886"]
[Date "2014.1.31"]
[Round "-"]
[White "Zugswang"]
[Black "MIngu"]
[Result "0-1"]
[WhiteElo "2178"]
[BlackElo "2379"]

1. d4 d5 2. c4 c6 3. Nf3 e6 4. Bf4 dxc4 5. a4 Nf6 6. Nc3 Bb4 7. Bg5 Nbd7 8. e4
Qa5 9. Bd2 e5 10. Bxc4 exd4 11. Nxd4 Qc5 12. Qb3 Ne5 13. Be2 Qxd4 14. Be3 Qxe4
15. O-O Bxc3 16. Qxc3 Nd5 17. Qd4 Qxd4 18. Bxd4 f6 19. f4 Nf7 20. g4 O-O 21. h3
Re8 22. Bd3 Nb4 23. Bb1 h5 24. f5 b6 25. gxh5 Ba6 26. Rd1 Rad8 27. Rd2 Ng5 28.
Kg2 c5 29. h4 Bb7+ 30. Kg3 Nf3 31. Rf2 Nxd4 32. Ra3 Ne2+ 33. Kh2 Rd1 34. Rg2
Rxb1 0-1

[Event "Challenge"]
[Site "http://www.queenalice.com/game.php?id=1252893"]
[Date "2014.1.31"]
[Round "-"]
[White "waldi"]
[Black "MIngu"]
[Result "0-1"]
[WhiteElo "1920"]
[BlackElo "2403"]

1. d4 d5 2. c4 c6 3. Nc3 e6 4. Nf3 dxc4 5. e4 b5 6. a4 Bb4 7. Bd2 Nf6 8. axb5
Bxc3 9. Bxc3 cxb5 10. Ra5 Qb6 11. Qc2 Bb7 12. Bb4 Nc6 0-1

[Event "AUTO-MASTER-1977"]
[Site "http://www.queenalice.com/game.php?id=1254164"]
[Date "2014.2.6"]
[Round "2"]
[White "nemeth"]
[Black "MIngu"]
[Result "0-1"]
[WhiteElo "2163"]
[BlackElo "2394"]

1. e4 d5 2. exd5 Nf6 3. Nf3 c6 4. d4 cxd5 5. Bd3 Nc6 6. h3 g6 7. O-O Bg7 8. c3
O-O 9. Bf4 Nh5 10. Bh2 Bh6 11. Kh1 Bf4 12. Bxf4 Nxf4 13. Bc2 f6 14. Qd2 e5 15.
Re1 Be6 16. Bb3 Qd6 17. dxe5 fxe5 18. Ng5 Rad8 19. Na3 Bc8 20. Rad1 Kg7 21. Ne4
Qe7 22. Ng3 Qh4 23. Rxe5 Nxe5 24. Qd4 Bxh3 25. Qxe5+ Kh6 26. Kg1 Bxg2 27. Rd4
Nh3+ 28. Kh2 Be4 0-1

[Event "AUTO-MASTER-1977"]
[Site "http://www.queenalice.com/game.php?id=1254165"]
[Date "2014.2.6"]
[Round "2"]
[White "MIngu"]
[Black "nemeth"]
[Result "1-0"]
[WhiteElo "2403"]
[BlackElo "2174"]

1. d4 d5 2. c4 c6 3. Nf3 Nf6 4. Nc3 dxc4 5. e4 b5 6. Qc2 e6 7. Be2 Bb4 8. O-O
O-O 9. a4 Qb6 10. Bd2 a5 11. e5 Nd5 12. axb5 Bxc3 13. bxc3 cxb5 14. Ng5 f5 15.
exf6 Nxf6 16. Rfb1 h6 17. Nh3 Bb7 18. Bxc4 Be4 19. Bd3 Qc6 20. f3 Bh7 21. Bxh7+
Nxh7 22. Nf4 Rf5 23. Re1 Rf6 24. Qd3 Nd7 25. Reb1 Rf5 26. Ng6 Kf7 27. Nh4 Rf6
28. Qxh7 Nb6 29. g4 Qd5 30. f4 Nc4 31. Bc1 Rc8 32. Rb4 Rf8 33. g5 hxg5 34. fxg5
Rf1+ 35. Kxf1 Qh1+ 36. Ke2 axb4 37. Ra7+ Ke8 38. Bf4 e5 39. Qg6+ Kd8 40. dxe5
Rxf4 41. Qd3+ 1-0

[Event "AUTO-MASTER-1977"]
[Site "http://www.queenalice.com/game.php?id=1254166"]
[Date "2014.2.6"]
[Round "2"]
[White "mthal"]
[Black "MIngu"]
[Result "0-1"]
[WhiteElo "2173"]
[BlackElo "2414"]

1. d4 d5 2. c4 c6 3. Nf3 e6 4. Nc3 dxc4 5. e4 b5 6. Bg5 Be7 7. Bf4 Nf6 8. Be2
Bb7 9. O-O O-O 10. Qc2 Nbd7 11. Rad1 a5 12. a4 b4 13. Nb1 c5 14. dxc5 Bxe4 15.
Qxc4 Rc8 16. Nbd2 Bc6 17. b3 Nd5 18. Be5 Nxe5 19. Nxe5 Nc3 20. Ne4 Nxd1 21. Rxd1
Bd5 22. Qc2 f5 23. Nd2 Rxc5 24. Ndc4 Qc7 25. Nd3 Rc6 26. Nde5 Qxe5 0-1

[Event "AUTO-MASTER-1977"]
[Site "http://www.queenalice.com/game.php?id=1254167"]
[Date "2014.2.6"]
[Round "2"]
[White "MIngu"]
[Black "mthal"]
[Result "1-0"]
[WhiteElo "2423"]
[BlackElo "2169"]

1. d4 d5 2. c4 c6 3. Nf3 Nf6 4. Nc3 e6 5. Bg5 dxc4 6. e4 b5 7. e5 h6 8. Bh4 g5
9. Nxg5 hxg5 10. Bxg5 Nbd7 11. exf6 Bb7 12. h4 Qa5 13. a4 b4 14. Ne4 c5 15. f3
Bd5 16. Rc1 b3+ 17. Kf2 Qxa4 18. Be2 Qb4 19. h5 Rc8 20. Be3 Bxe4 21. fxe4 Nxf6
22. Rh4 cxd4 23. Qxd4 Bg7 24. e5 Nd7 25. h6 Bxe5 26. Qxa7 Qe7 27. Rhxc4 Rd8 28.
Rd1 Bxb2 29. Rg4 f5 30. Rc4 Be5 31. Bh5+ Kf8 32. Bc5 1-0

[Event "AUTO-MASTER-2004"]
[Site "http://www.queenalice.com/game.php?id=1264526"]
[Date "2014.3.13"]
[Round "2"]
[White "jnable"]
[Black "MIngu"]
[Result "0-1"]
[WhiteElo "2031"]
[BlackElo "2426"]

1. e4 d5 2. exd5 Nf6 3. c4 c6 4. Nc3 cxd5 5. cxd5 Nxd5 6. d4 Nc6 7. Nf3 Bg4 8.
Bc4 e6 9. O-O Be7 10. Nxd5 exd5 11. Be2 O-O 12. Bf4 Qb6 13. Be3 Qxb2 14. Rb1
Qxa2 15. Rxb7 Rab8 16. Rc7 Rb6 17. Nd2 Bxe2 18. Qxe2 Bd6 19. Rd7 Nb8 20. Rxd6
Rxd6 21. Qd3 Nc6 22. Rc1 Nb4 23. Qb3 Rc6 24. Rxc6 Qxb3 25. Nxb3 Nxc6 26. Kf1 a5
27. Nc5 Ra8 0-1

[Event "AUTO-MASTER-2004"]
[Site "http://www.queenalice.com/game.php?id=1264527"]
[Date "2014.3.13"]
[Round "2"]
[White "MIngu"]
[Black "jnable"]
[Result "1-0"]
[WhiteElo "2427"]
[BlackElo "2004"]

1. d4 Nf6 2. c4 g6 3. Nc3 d5 4. cxd5 Nxd5 5. e4 Nxc3 6. bxc3 Bg7 7. Bc4 O-O 8.
Ne2 c5 9. O-O cxd4 10. cxd4 Nc6 11. Be3 Bg4 12. f3 Bd7 13. Rb1 b6 14. Qd2 Na5
15. Bd3 Rc8 16. Rfc1 e6 17. Bg5 Bf6 18. Bh6 Re8 19. e5 Bg7 20. Bg5 f6 21. Bh4
Qe7 22. Nc3 Qf7 23. Ne4 fxe5 24. Nd6 Rxc1+ 25. Rxc1 Qf8 26. Nxe8 Qxe8 27. dxe5
Bxe5 28. Bg3 Bxg3 29. hxg3 Qe7 30. Be4 1-0

[Event "Challenge"]
[Site "http://www.queenalice.com/game.php?id=1271807"]
[Date "2014.4.10"]
[Round "-"]
[White "MIngu"]
[Black "INSPETOR"]
[Result "0-1"]
[WhiteElo "2391"]
[BlackElo "2159"]

1. d4 d5 2. c4 e6 3. Nc3 Nc6 4. Nf3 Nf6 5. e3 Bd6 6. c5 Be7 7. Bd3 O-O 8. a3 a5
9. Qc2 b6 10. cxb6 cxb6 11. Bd2 Bd7 12. O-O Qb8 13. e4 dxe4 14. Nxe4 Ng4 15. g3
Rc8 16. Qd1 Rd8 17. Qe2 Qb7 18. Rac1 Be8 19. Rfd1 Nf6 20. Nxf6+ Bxf6 21. Be4
Rac8 22. Be3 Qe7 23. Kg2 Na7 0-1

[Event "CAMPO MOURÃO-PR"]
[Site "http://www.queenalice.com/game.php?id=1276172"]
[Date "2014.4.26"]
[Round "-"]
[White "Strogonoff"]
[Black "MIngu"]
[Result "1-0"]
[WhiteElo "1822"]
[BlackElo "2409"]

1. e4 d5 2. exd5 Nf6 3. Bc4 c6 4. dxc6 Nxc6 5. d3 Bg4 6. Nf3 e6 7. h3 Bxf3 8.
Qxf3 Nd4 9. Qd1 b5 10. Bb3 Qa5+ 11. Bd2 b4 12. c3 Nxb3 13. Qxb3 Bd6 14. O-O 1-0

[Event "AUTO-ELITE-1269"]
[Site "http://www.queenalice.com/game.php?id=1276953"]
[Date "2014.4.28"]
[Round "2"]
[White "trompmaster"]
[Black "MIngu"]
[Result "1-0"]
[WhiteElo "2456"]
[BlackElo "2423"]

1. b3 e5 2. Bb2 Nc6 3. e3 d6 4. Nf3 g6 5. d4 Bg7 6. dxe5 Bf5 7. Bb5 Ne7 8. Nc3
dxe5 9. Qe2 O-O 10. Rd1 Qc8 11. e4 1-0